00000000nam 2200000zi 4500
0019.934226
003CaOODSP
00520250124142538
006m     o  d f      
007cr |n|||||||||
008240220s1978    oncabd  ob   f000 0|eng d
040 |aCaOODSP|beng|erda|cCaOODSP
043 |an-cn---|aa-su---
0861 |aId37-25/1978E-PDF
1001 |aRifaat, M., |eauthor.
24510|aConstruction trade mission to Saudi Arabia, February 1978 / |cM. Rifaat.
24634|aConstruction mission to Saudi Arabia, February 1978
264 1|a[Ottawa] : |bGovernment of Canada, Industry, Trade and Commerce = Gouvernement du Canada, Industrie et commerce, |c[1979]
300 |a1 online resource (1 volume (various pagings)) : |billustration, maps, graphs
336 |atext|btxt|2rdacontent
337 |acomputer|bc|2rdamedia
338 |aonline resource|bcr|2rdacarrier
500 |aDigitized edition from print [produced by Innovation, Science and Economic Development Canada].
504 |aIncludes bibliographical references.
650 0|aTrade missions.
650 0|aConstruction industry|zCanada.
650 0|aConstruction industry|zSaudi Arabia.
650 6|aMissions commerciales.
650 6|aConstruction|xIndustrie|zCanada.
650 6|aConstruction|xIndustrie|zArabie saoudite.
651 0|aSaudi Arabia|xCommerce|zCanada.
651 0|aCanada|xCommerce|zSaudi Arabia.
651 6|aArabie saoudite|xCommerce|zCanada.
651 6|aCanada|xCommerce|zArabie saoudite.
7101 |aCanada. |bDepartment of Industry, Trade and Commerce, |eissuing body.
85640|qPDF|s2.47 MB|uhttps://publications.gc.ca/collections/collection_2025/isde-ised/Id37-25-1978-eng.pdf